00767nam a22002057a 4500999001900000005001700019010001500036020002600051035001400077037001300091082000800104100002000112245008600132260003300218270011300251300002100364500001900385942001700404952014000421 c168342d16834220191004155112.0 aENG-126599 a9789353285791c550.00 aEN-110131 bDBAD/PUB a658 aBanerjee, Robin aWho blunders and how :cby Robin Banerjeebthe dumb side of the corporate world / aNew DelhibSAGE Publications aB1/1-1, Mohan Cooperative Industrial AreabMathura Road, Post Bag 7, New Delhie110044mmarketing@sagepub.in a263p.c22cm(pbk) aIncludes Index 2ddccENmBAN 001040708NFICaZLSbZLSd2019-10-04eDBAD/PUBg550.00l1oBANpEN-110131q2026-07-11r2026-06-27 13:12:43s2026-06-27t1v550.00yEN